[Event "Colonia de Sant Jordi op-B"]
[Site "Colonia de Sant Jordi"]
[Date "2022.06.04"]
[Round "3"]
[White "Hofmann, Niclas"]
[Black "Boix Pons, Catalina"]
[Result "1/2-1/2"]
[WhiteElo "1583"]
[BlackElo "1706"]
[PlyCount "105"]
[EventDate "2022.06.03"]
[EventType "swiss"]
[EventRounds "6"]
[EventCountry "ESP"]
[SourceTitle "CBM 208 Extra"]
[Source "ChessBase"]
[SourceDate "2022.07.31"]
[SourceVersion "1"]
[SourceVersionDate "2022.07.31"]
[SourceQuality "1"]

1. d4 Nf6 2. c4 c5 3. d5 d6 4. Nc3 e6 5. e4 exd5 6. cxd5 Be7 7. Bd3 a6 8. a4 Qc7 9. h3 0-0 10. Nf3 Nbd7 11. Nd2 Ne5 12. Nc4 Nxc4 13. Bxc4 Bd7 14. 0-0 Rab8 15. Qe2 Ne8 16. Bf4 Bf6 17. a5 Bd4 18. Be3 Bxc3 19. bxc3 Nf6 20. Bf4 Rfe8 21. f3 Kh8 22. Qd3 h6 23. Rfb1 Bc8 24. Rb6 Rd8 25. Rab1 Ne8 26. Qe2 Qe7 27. Bxa6 Qh4 28. Bh2 Ra8 29. Bxb7 Bxb7 30. Rxb7 Rxa5 31. Rxf7 Rda8 32. Rfb7 Ra2 33. R7b2 R2a3 34. Rb3 Ra2 35. R3b2 R2a3 36. Qd2 Qf6 37. c4 R3a4 38. Rc2 Rb4 39. Rbc1 Ra3 40. f4 Rbb3 41. e5 Qf5 42. Rc3 Rxc3 43. Rxc3 Ra1+ 44. Rc1 Ra3 45. Qc2 Qh5 46. Re1 Qf7 47. Qe2 Ra7 48. exd6 Nxd6 49. Qe6 Nxc4 50. Qxf7 Rxf7 51. Rc1 Ne3 52. Rxc5 Rd7 53. g3 1/2-1/2